000 00646nam a2200241Ia 4500
003 OSt
005 20221005085205.0
006 a|||||r|||| 00| 0
007 ta
008 221004b |||||||| |||| 00| 0 eng d
024 _a51094
037 _cTextual
040 _aCRL
_cCRL
_beng
041 _2eng
_aeng
082 _aO111,3M43x, K6
100 _aPutt S. Gorley
245 0 _aHenry James
_b A reader's guide
260 _aNew York
_bCornell University Press USA
_c1966
300 _a432p.
_ccm.
650 _aAMERICAN LITERATURE
942 _hO111,3M43x, K6
_cTEXL
_2cc
999 _c993822
_d993822